<?xml version="1.0" encoding="UTF-8"?>
<marc:record xmlns:marc="http://www.loc.gov/MARC21/slim">
   <marc:leader>00000nam a2200000 a 4500</marc:leader>
   <marc:datafield ind1="1" ind2=" " tag="100">
      <marc:subfield code="a">Leyen, Katharina von der</marc:subfield>
      <marc:subfield code="4">aut</marc:subfield>
      <marc:subfield code="e">Verfasser/-in</marc:subfield>
   </marc:datafield>
   <marc:datafield ind1="1" ind2=" " tag="100">
      <marc:subfield code="a">Hochmair, Philipp</marc:subfield>
      <marc:subfield code="4">aut</marc:subfield>
      <marc:subfield code="e">Verfasser/-in</marc:subfield>
   </marc:datafield>
   <marc:datafield ind1=" " ind2=" " tag="653">
      <marc:subfield code="a">Biografie</marc:subfield>
   </marc:datafield>
   <marc:datafield ind1=" " ind2=" " tag="653">
      <marc:subfield code="a">Burgschauspieler</marc:subfield>
   </marc:datafield>
   <marc:datafield ind1="0" ind2="0" tag="245">
      <marc:subfield code="a">Hochmair, wo bist du?</marc:subfield>
   </marc:datafield>
   <marc:datafield ind1="0" ind2="0" tag="245">
      <marc:subfield code="b">Biografie</marc:subfield>
   </marc:datafield>
   <marc:datafield ind1="0" ind2="0" tag="245">
      <marc:subfield code="c">Leyen, Katharina von der</marc:subfield>
   </marc:datafield>
   <marc:datafield ind1=" " ind2="1" tag="264">
      <marc:subfield code="a">Wien</marc:subfield>
      <marc:subfield code="b">Brandstätter</marc:subfield>
      <marc:subfield code="c">2025</marc:subfield>
   </marc:datafield>
   <marc:datafield ind1=" " ind2=" " tag="250">
      <marc:subfield code="a">1. Auflage</marc:subfield>
   </marc:datafield>
   <marc:datafield ind1="1" ind2=" " tag="520">
      <marc:subfield code="a">Der Österreicher Philipp Hochmair ist bekannt für sein kraftstrotzendes, leidenschaftliches Schauspiel. Der wilde Charismatiker, der in ruhigen Momenten wirkt wie Schwiegermutters Tagtraum, hat sich zur Lebensaufgabe gemacht, Grenzen und Traditionen neu zu definieren. Neben seinen Auftritten in zahlreichen Fernseh- und Kinoproduktionen wie „Kater“, „Die Wannseekonferenz“, „Blind ermittelt“ oder „Geier“, verbindet man ihn vor allem mit seinen rebellischen und körperbetonten Bühneninterpretationen des „Mephisto“, „Werther!“ und seinen Solo-Versionen des „Jedermann“.&#xD;
„Hochmair, wo bist du?“ ist keine klassische Biografie. Katharina von der Leyen heftete sich an die Fersen des Kraftmeiers, dessen Leben gänzlich von der Kreativität bestimmt wird, um ihn in allen Tiefen und Untiefen zu beobachten, zu beschreiben und zu stellen. Sie erzählt von einem Mann, der Jedermann als Rockstar zelebriert, Schillers Balladen in wilde Raves verwandelt und sich seinen Rollen so hingibt, dass ihm das Gefühl für sein Selbst verloren geht.  &#xD;
Entstanden ist ein ungewöhnliches, energiegeladenes Portrait aus Gesprächen, Analysen, Kurztexten und Bildern eines Mannes, der von sich selbst sagt: „Ich bin der, den man nicht sieht“ – eine Annäherung an den Schauspieler, der so überfordernd wie verletzlich ist.&#xD;
Hochmair, der Bühnenreisende, wird hier nicht nur als Künstler beschrieben, sondern auch als Mensch: rastlos, ratlos, nicht zu halten und schwer zu verstehen.</marc:subfield>
   </marc:datafield>
   <marc:datafield ind1=" " ind2=" " tag="020">
      <marc:subfield code="a">9783710609008</marc:subfield>
      <marc:subfield code="9">9783710609008</marc:subfield>
   </marc:datafield>
   <marc:datafield ind1=" " ind2=" " tag="020">
      <marc:subfield code="a">3710609003</marc:subfield>
      <marc:subfield code="9">3710609003</marc:subfield>
   </marc:datafield>
   <marc:datafield ind1=" " ind2=" " tag="041">
      <marc:subfield code="a">ger</marc:subfield>
   </marc:datafield>
   <marc:datafield ind1=" " ind2=" " tag="300">
      <marc:subfield code="b">Illustrationen</marc:subfield>
   </marc:datafield>
   <marc:datafield ind1=" " ind2=" " tag="338">
      <marc:subfield code="a">Band</marc:subfield>
   </marc:datafield>
   <marc:datafield ind1=" " ind2=" " tag="300">
      <marc:subfield code="a">254 Seiten</marc:subfield>
   </marc:datafield>
</marc:record>
